LEADER 01102nam0-22003491i-450- 001 990003097240403321 035 $a000309724 035 $aFED01000309724 035 $a(Aleph)000309724FED01 035 $a000309724 100 $a20000920d1949----km-y0itay50------ba 101 0 $aeng 102 $aUS 200 1 $aIncome, Saving and the Theory of Consumer Behavior$fJames S. Duesenberry 210 $aCambridge [Mass.]$cHarvard University Press$dc1949 215 $a128 p.$d22 cm 225 1 $aHarvard economic studies$v87 453 1$10010067798$12001$aReddito, risparmio e teoria del comportamento del consumatore 610 0 $aComportamento del consumatore 610 0 $aConsumi e risparmio 676 $aL/1.21 676 $aL/1.22 676 $aL/2.12 700 1$aDuesenberry,$bJames Stemble$f<1918- >$0134295 801 0$aIT$bUNINA$gRICA$2UNIMARC 901 $aBK 912 $a990003097240403321 952 $aL/2.1 DUE$b013141$fSES 952 $aL/2.1 DUE/1$b021225$fSES 959 $aSES 996 $aIncome, saving, and the theory of consumer behavior$938774 997 $aUNINA LEADER 00821nam0-2200313---450- 001 990009442400403321 005 20111006104005.0 035 $a000944240 035 $aFED01000944240 035 $a(Aleph)000944240FED01 035 $a000944240 100 $a20111006d1961----km-y0itay50------ba 101 0 $aita 102 $aIT 105 $ay-------001yy 200 1 $aLegislazione sulla pesca$fRaffaele Gagliardi 205 $a2. ed 210 $aCremona$cTip. Cremona Nuova$dc1961 215 $a321 p.$d25 cm 610 0 $aPesca$aLegislazione 676 $a799.1 700 1$aGagliardi,$bRaffaele$0412685 801 0$aIT$bUNINA$gRICA$2UNIMARC 901 $aBK 912 $a990009442400403321 952 $a55 A 14$b6712$fDMVAP 959 $aDMVAP 996 $aLegislazione sulla pesca$9760525 997 $aUNINA LEADER 01990nas 2200409 n 450 001 990008896770403321 005 20240229084617.0 011 $a1127-557X 035 $a000889677 035 $aFED01000889677 035 $a(Aleph)000889677FED01 035 $a000889677 091 $2CNR$aP 00050816 100 $a20161109b19311943km-y0itaa50------ba 101 0 $aita 102 $aIT 110 $aauu-------- 200 1 $aAnnali del fascismo$eRassegna cronistorica degli avvenimenti e provvedimenti del mese, annotata ed illustrata 207 1$a1931-1943 210 $aNapoli - Roma$cGiuseppe Rispoli Editore 326 $aMensile 530 0 $aAnnali del fascismo 675 $a93 801 0$aIT$bACNP$c20090723 859 4 $uhttp://acnp.cib.unibo.it/cgi-ser/start/it/cnr/dc-p1.tcl?catno=34551&person=false&language=ITALIANO&libr=&libr_th=unina1$zBiblioteche che possiedono il periodico 901 $aSE 912 $a990008896770403321 958 $aBiblioteca Centralizzata. Facoltà di Agraria dell'Università Federico II di Napoli$b1931-1932;1934-1943.$c1943.$fFAGBC 958 $aBiblioteca Centrale "F. Gasparini". Facoltà di Ingegneria. Università degli Studi di Napoli "Federico II"$b1932;1934;$edIVe29$fFINBC FINAG 959 $aFAGBC 959 $aFINBC 959 $aFINAG 996 $aAnnali del fascismo$9801253 997 $aUNINA AP1 8 $6866-01$aNA087 Biblioteca Centralizzata. Facoltà di Agraria dell'Università Federico II di Napoli$ev. Università, 100 Palazzo Reale, 80055 Portici (NA)$m081-2539322$m081-7760229$nit AP1 8 $6866-02$aNA104 Biblioteca Centrale "F. Gasparini". Facoltà di Ingegneria. Università degli Studi di Napoli "Federico II"$bdIVe29$ep.le Tecchio,80, 80125 Napoli (NA)$m0817682190;0817682195$m0817682188$nit AP2 40$aacnp.cib.unibo.it$nACNP Italian Union Catalogue of Serials$uhttp://acnp.cib.unibo.it/cgi-ser/start/it/cnr/df-p.tcl?catno=34551&language=ITALIANO&libr=&person=&B=1&libr_th=unina&proposto=NO